| 000 | 004510000a22001810004500 | ||
|---|---|---|---|
| 003 | MACL | ||
| 005 | 20151218131615.0 | ||
| 008 | 151218b xxu||||| |||| 00| 0 eng d | ||
| 040 |
_aMACL _cMACL |
||
| 041 | _aEnglish | ||
| 082 | _a050/JAI | ||
| 100 |
_aJain, Girilal _915458 |
||
| 245 | _aDirectory and Year Book 1982 | ||
| 260 |
_bThe Times of India Press _c1982 |
||
| 350 | _a100 | ||
| 650 |
_aSerial Publication _9330 |
||
| 942 |
_cBK _k050/JAI _2ddc |
||
| 999 |
_c40697 _d40697 |
||